[Event "Summer TNM"]
[Site "San Francisco"]
[Date "2006.06.20"]
[Round "3"]
[White "Royzen, Igor"]
[Black "Whalley, Martin"]
[Result "0-1"]
[WhiteElo "1675"]
[BlackElo "1830"]
[PlyCount "56"]
[EventDate "2006.06.06"]
[EventType "swiss"]
[EventRounds "8"]
[EventCountry "USA"]

1. e4 c5 2. Nf3 Nc6 3. d4 cxd4 4. Nxd4 e6 5. c4 Nf6 6. Nc3 Bb4 7. a3 Bxc3+ 8.
bxc3 Qa5 9. Nxc6 bxc6 10. Qd4 e5 11. Qd3 Nxe4 12. Bd2 Nxd2 13. Qxd2 O-O 14. Bd3
f5 15. O-O d5 16. cxd5 cxd5 17. Rfb1 Be6 18. Rb7 Rac8 19. Qg5 Rc7 20. Rab1 Qxc3
21. Rxc7 Qxc7 22. Rc1 Qd8 23. Qe3 e4 24. Ba6 d4 25. Qf4 Qb6 26. Bf1 d3 27. Rc7
d2 28. Qe5 Qxc7 0-1

[Event "Summer TNM"]
[Site "San Francisco"]
[Date "2006.06.20"]
[Round "3"]
[White "Salinas, Chad"]
[Black "Margulis, Igor"]
[Result "1-0"]
[WhiteElo "1965"]
[BlackElo "2227"]
[PlyCount "61"]
[EventDate "2006.06.06"]
[EventType "swiss"]
[EventRounds "8"]
[EventCountry "USA"]

1. d4 d6 2. c4 e5 3. d5 f5 4. e4 fxe4 5. Nc3 Nf6 6. Nge2 Bf5 7. Ng3 Bg6 8. Bg5
Be7 9. Bxf6 gxf6 10. h4 Qd7 11. f3 h5 12. fxe4 Na6 13. Be2 O-O-O 14. Nxh5 Rdg8
15. Nxf6 Bxf6 16. Bg4 Bxh4+ 17. Kd2 Be8 18. Bxd7+ Bxd7 19. Qg1 Nb4 20. Rxh4
Rxh4 21. g3 Rh3 22. Qxa7 Rh2+ 23. Ne2 Na6 24. Qg1 Rgh8 25. Rf1 b5 26. Qa7 Nb8
27. c5 dxc5 28. Qxc5 Na6 29. Qa7 Nb8 30. Rc1 c6 31. d6 1-0

[Event "Summer TNM"]
[Site "San Francisco"]
[Date "2006.06.20"]
[Round "3"]
[White "Samatra, Mario"]
[Black "Litowsky, Dan"]
[Result "1-0"]
[WhiteElo "1914"]
[BlackElo "1700"]
[PlyCount "49"]
[EventDate "2006.06.06"]
[EventType "swiss"]
[EventRounds "8"]
[EventCountry "USA"]

1. d4 d5 2. c4 c6 3. Nc3 Nf6 4. Bg5 Nbd7 5. e3 e6 6. Nf3 Qa5 7. Bxf6 Nxf6 8.
Qc2 Ne4 9. Bd3 Nxc3 10. bxc3 g6 11. Ne5 Bg7 12. f4 O-O 13. O-O Qc7 14. c5 f6
15. Nf3 Bd7 16. Rab1 Rab8 17. Qa4 b5 18. cxb6 axb6 19. Qc2 b5 20. g4 Ra8 21.
Ra1 Ra7 22. a4 bxa4 23. Rxa4 Rxa4 24. Qxa4 Rb8 25. Qc2 {
remainder illegible; W won in 95 moves} 1-0

[Event "Summer TNM"]
[Site "San Francisco"]
[Date "2006.06.20"]
[Round "3"]
[White "Sandberg, Evan"]
[Black "Petrison, John"]
[Result "0-1"]
[WhiteElo "1506"]
[BlackElo "2035"]
[PlyCount "45"]
[EventDate "2006.06.06"]
[EventType "swiss"]
[EventRounds "8"]
[EventCountry "USA"]

1. e4 e5 2. Nf3 Nc6 3. Bc4 Nf6 4. Ng5 d5 5. exd5 b5 6. Bxb5 Qxd5 7. Bxc6+ Qxc6
8. Nf3 e4 9. Nd4 Qd5 10. Ne2 Bd6 11. Nbc3 Qe5 12. d4 Qf5 13. Ng3 Bxg3 14. hxg3
Ba6 15. Bf4 c5 16. d5 g5 17. Bc7 O-O 18. Qe2 Ng4 19. d6 e3 20. fxe3 Nxe3 21.
Rc1 Rfe8 22. d7 Nxg2+ 23. Kd1 {remainder illegible} 0-1

[Event "Summer TNM"]
[Site "San Francisco"]
[Date "2006.06.20"]
[Round "3"]
[White "Sherwood, Peter"]
[Black "Wilkerson, Max"]
[Result "1/2-1/2"]
[WhiteElo "1703"]
[BlackElo "1900"]
[PlyCount "107"]
[EventDate "2006.06.06"]
[EventType "swiss"]
[EventRounds "8"]
[EventCountry "USA"]

1. e4 c6 2. d4 d5 3. Nc3 dxe4 4. Nxe4 Bf5 5. Ng3 Bg6 6. h4 h6 7. Nf3 Nd7 8. Bd3
Bxd3 9. Qxd3 Ngf6 10. Bf4 e6 11. O-O-O Nd5 12. Bd2 Bd6 13. Nh5 g6 14. Ng3 Qf6
15. Ne4 Qe7 16. Nxd6+ Qxd6 17. Qb3 b6 18. g3 a5 19. c4 a4 20. Qd3 a3 21. cxd5
axb2+ 22. Kxb2 cxd5 23. Rc1 b5 24. Ne5 Nxe5 25. dxe5 Qa6 26. Qb3 O-O 27. Bb4
Rfb8 28. Rc7 Qb6 29. Rc5 Ra4 30. Rhc1 Kh7 31. a3 Ra7 32. Qf3 Rba8 33. Qe3 Qd8
34. Qd4 Rb7 35. Qf4 Rab8 36. Bd2 Qf8 37. Rc7 b4 38. Rxb7 bxa3+ 39. Ka2 Rxb7 40.
Rb1 Rc7 41. Qa4 Qc8 42. Qxa3 Qd7 43. Ba5 Rc4 44. Bb4 Rc7 45. Bc5 d4 46. Bb6
Rc2+ 47. Rb2 Rc4 48. Qd3 Qd5 49. Kb1 Qc6 50. Bxd4 Qh1+ 51. Ka2 Qa8+ 52. Kb1
Qh1+ 53. Ka2 Qa8+ 54. Kb1 1/2-1/2

[Event "Summer TNM"]
[Site "San Francisco"]
[Date "2006.06.20"]
[Round "3"]
[White "Siegrist, Daichi"]
[Black "Ossipov, Victor"]
[Result "1/2-1/2"]
[WhiteElo "1954"]
[BlackElo "2145"]
[PlyCount "125"]
[EventDate "2006.06.06"]
[EventType "swiss"]
[EventRounds "8"]
[EventCountry "USA"]

1. d4 d5 2. Nc3 e6 3. e4 Nf6 4. Bg5 dxe4 5. Bxf6 gxf6 6. Nxe4 f5 7. Ng3 Bg7 8.
c3 Nd7 9. Bc4 c6 10. Nf3 Qc7 11. Qe2 Kf8 12. O-O h5 13. Ng5 Nf6 14. h4 Qf4 15.
Nf3 Ne4 16. Nxe4 fxe4 17. Ng5 Qxh4 18. Nxe4 Qe7 19. f4 h4 20. Qf3 h3 21. g4 Qh4
22. Kh2 Bd7 23. Nc5 Bc8 24. Rae1 Qe7 25. f5 Qd6+ 26. Kh1 exf5 27. gxf5 Bf6 28.
Re2 b6 29. Rfe1 Bxf5 30. Qxf5 bxc5 31. dxc5 Qd8 32. Re8+ Qxe8 33. Rxe8+ Rxe8
34. Qxf6 Rh7 35. Qxc6 h2 36. Qd6+ Kg7 37. Qd4+ Kf8 38. Qf2 Re5 39. b4 Rg5 40.
Bf1 Rg1+ 41. Qxg1 hxg1=Q+ 42. Kxg1 Ke7 43. Kf2 Rh1 44. Kg2 Rh6 45. Kf3 Rh1 46.
Kg2 Rh6 47. Be2 Rh4 48. Kf2 Rh3 49. Bf3 Rh2+ 50. Bg2 Rh4 51. Ke3 f6 52. Bd5 Kd7
53. Kd3 Kc7 54. a4 f5 55. Be6 Rf4 56. c4 Rf3+ 57. Kc2 f4 58. a5 Re3 59. Bd5 f3
60. b5 f2 61. b6+ axb6 62. cxb6+ Kd7 63. Bg2 1/2-1/2

[Event "Summer TNM"]
[Site "San Francisco"]
[Date "2006.06.20"]
[Round "3"]
[White "Snyder, Larry"]
[Black "Mar, Craig"]
[Result "1/2-1/2"]
[WhiteElo "2042"]
[BlackElo "2419"]
[PlyCount "117"]
[EventDate "2006.06.06"]
[EventType "swiss"]
[EventRounds "8"]
[EventCountry "USA"]

1. e4 c5 2. c3 d5 3. exd5 Qxd5 4. d4 Nf6 5. Nf3 e6 6. Na3 a6 7. Nc4 Nbd7 8. a4
cxd4 9. Qxd4 Bc5 10. Qxd5 Nxd5 11. Bd3 a5 12. Na3 O-O 13. O-O b6 14. Re1 Bb7
15. Nb5 Rad8 16. Bc2 Rfe8 17. Ng5 N5f6 18. Bd2 Ne5 19. Rad1 Nd3 20. Bxd3 Rxd3
21. Be3 Bxe3 22. fxe3 Red8 23. Rxd3 Rxd3 24. Nf3 Bxf3 25. gxf3 Rd2 26. b4 g5
27. bxa5 bxa5 28. Nd4 Ra2 29. c4 Nd7 30. Re2 Rxe2 31. Nxe2 Ne5 32. Kf2 Nxc4 33.
Nd4 Kf8 34. Ke2 Ke7 35. Kd3 Nb2+ 36. Kc2 Nxa4 37. Nc6+ Kd6 38. Nxa5 f5 39. Kd2
Kd5 40. Nb3 e5 41. Ke2 h5 42. h3 Nc5 43. Nd2 h4 44. Kf1 e4 45. Ke2 Nd3 46. Nf1
Ne5 47. fxe4+ fxe4 48. Nd2 g4 49. hxg4 Nxg4 50. Nf1 Ke5 51. Ke1 Kf5 52. Ke2 Kg5
53. Nd2 Nf6 54. Kf2 Kg4 55. Kg2 h3+ 56. Kh2 Kh4 57. Kg1 Kg3 58. Kh1 Kf2 59. Kh2
1/2-1/2

[Event "Summer TNM"]
[Site "San Francisco"]
[Date "2006.06.20"]
[Round "3"]
[White "Tuvshintugs, Batchimeg"]
[Black "Sanguinetti, George"]
[Result "1-0"]
[WhiteElo "2268"]
[BlackElo "1959"]
[PlyCount "23"]
[EventDate "2006.06.06"]
[EventType "swiss"]
[EventRounds "8"]
[EventCountry "USA"]

1. e4 e6 2. d4 d5 3. Nc3 dxe4 4. Nxe4 Nd7 5. Nf3 Ngf6 6. Bd3 Be7 7. O-O O-O 8.
Qe2 b6 9. Ne5 Bb7 10. Rd1 Re8 11. Nxf7 Kxf7 12. Ng5+ 1-0

[Event "Summer TNM"]
[Site "San Francisco"]
[Date "2006.06.27"]
[Round "4"]
[White "Allen, Tom"]
[Black "Chillakanti, Kartik"]
[Result "0-1"]
[WhiteElo "1627"]
[BlackElo "1390"]
[PlyCount "46"]
[EventDate "2006.06.06"]
[EventType "swiss"]
[EventRounds "8"]
[EventCountry "USA"]

1. e4 e6 2. d4 d5 3. Be3 dxe4 4. Nd2 Nf6 5. f3 exf3 6. Ngxf3 Nbd7 7. Bd3 Be7 8.
O-O O-O 9. c4 b6 10. Qc2 Bb7 11. Ng5 h6 12. Nge4 c5 13. Nf3 Nxe4 14. Bxe4 Bxe4
15. Qxe4 Nf6 16. Qc2 Rc8 17. Rad1 Qc7 18. Ne5 Bd6 19. Bxh6 cxd4 20. Rxf6 Bxe5
21. Bxg7 Kxg7 22. Rf3 Bxh2+ 23. Kh1 Rh8 0-1

[Event "Summer TNM"]
[Site "San Francisco"]
[Date "2006.06.27"]
[Round "4"]
[White "Brown, Nicholas"]
[Black "Lupton, Stephen"]
[Result "1/2-1/2"]
[WhiteElo "1460"]
[BlackElo "1356"]
[PlyCount "99"]
[EventDate "2006.06.06"]
[EventType "swiss"]
[EventRounds "8"]
[EventCountry "USA"]

1. d4 d5 2. c4 e6 3. Nf3 Nf6 4. Bg5 Be7 5. Nc3 c6 6. e3 Nbd7 7. Bd3 dxc4 8.
Bxc4 b5 9. Bd3 b4 10. Ne2 c5 11. O-O O-O 12. Qc2 Nd5 13. Bxe7 Qxe7 14. Bxh7+
Kh8 15. Be4 a5 16. Rac1 Ba6 17. Rfe1 c4 18. Ne5 N7b6 19. Nf4 Nxf4 20. exf4 Bb7
21. Bxb7 Qxb7 22. Nxc4 Rfc8 23. Qd3 Nd5 24. Qf3 Ra6 25. Ne5 Rc7 26. Rxc7 Qxc7
27. f5 f6 28. Ng6+ Kg8 29. fxe6 Rxe6 30. Rd1 Qc2 31. Rf1 Re4 32. Qb3 Qxb3 33.
axb3 Rxd4 34. g3 Rd2 35. Ra1 Rxb2 36. Rxa5 Nc3 37. Ne7+ Kf7 38. Nd5 Rxb3 39.
Nxc3 bxc3 40. Rc5 Ke6 41. Kf1 Kd6 42. Rc4 Kd5 43. Rc8 Kd4 44. Ke2 Rb2+ 45. Kd1
Rxf2 46. Rd8+ Ke5 47. h4 Rd2+ 48. Rxd2 cxd2 49. Kxd2 Kf5 50. Ke3 1/2-1/2

[Event "Summer TNM"]
[Site "San Francisco"]
[Date "2006.06.27"]
[Round "4"]
[White "Chalissery, Jossy"]
[Black "Todortsev, Victor"]
[Result "0-1"]
[WhiteElo "1689"]
[BlackElo "1936"]
[PlyCount "78"]
[EventDate "2006.06.06"]
[EventType "swiss"]
[EventRounds "8"]
[EventCountry "USA"]

1. Nf3 d5 2. g3 Nf6 3. Bg2 g6 4. d3 Bg7 5. O-O O-O 6. Nbd2 c6 7. e4 e6 8. Re1
Qb6 9. Nb3 c5 10. c3 c4 11. Nbd4 cxd3 12. exd5 Nxd5 13. Qxd3 Nc6 14. Nxc6 bxc6
15. Qc2 Ba6 16. Be3 Nxe3 17. Rxe3 Rab8 18. b3 c5 19. Rd1 Rfd8 20. c4 Bb7 21.
Ree1 Bxf3 22. Bxf3 Bd4 23. Bg2 Rd6 24. Re2 Rbd8 25. Kf1 Kg7 26. Bh1 e5 27. Bd5
f5 28. f3 Rf6 29. Kg2 Rdd6 30. Rf1 Qd8 31. Rd1 h5 32. h3 Rf8 33. Kh2 h4 34. g4
e4 35. fxe4 fxg4 36. e5 g3+ 37. Kg2 Rxd5 38. Rxd4 Rxd4 39. e6 Qf6 0-1

[Event "Summer TNM"]
[Site "San Francisco"]
[Date "2006.06.27"]
[Round "4"]
[White "Chillakanti, Mukund"]
[Black "Purcell, Brendan"]
[Result "0-1"]
[WhiteElo "1643"]
[BlackElo "1901"]
[PlyCount "52"]
[EventDate "2006.06.06"]
[EventType "swiss"]
[EventRounds "8"]
[EventCountry "USA"]

1. e4 c5 2. Nf3 d6 3. d4 cxd4 4. Nxd4 Nf6 5. Nc3 g6 6. Be3 Bg7 7. f3 Nc6 8. Qd2
O-O 9. O-O-O d5 10. exd5 Nxd5 11. Nxd5 Qxd5 12. Nxc6 Qxc6 13. Bd3 Rd8 14. Be4
Rxd2 15. Bxc6 Rxd1+ 16. Rxd1 bxc6 17. Rd8+ Bf8 18. Bc5 Kg7 19. g4 Bb7 20. Rd7
Ba6 21. Kd2 Kf6 22. Bxa7 Ke6 23. Rc7 Kd6 24. Bb6 Rb8 25. Ba5 Rb5 26. b4 Rxa5
0-1

[Event "Summer TNM"]
[Site "San Francisco"]
[Date "2006.06.27"]
[Round "4"]
[White "Dembling, Arthur"]
[Black "Hartsough, Chester"]
[Result "1-0"]
[WhiteElo "1674"]
[BlackElo "829"]
[PlyCount "91"]
[EventDate "2006.06.06"]
[EventType "swiss"]
[EventRounds "8"]
[EventCountry "USA"]

1. e4 e5 2. Nf3 Nc6 3. Bb5 Nd4 4. Nxd4 exd4 5. O-O c6 6. Bc4 b5 7. Bb3 Nh6 8.
c3 Bc5 9. d3 Qf6 10. Qh5 Ba6 11. Qxc5 dxc3 12. Qxc3 Ng4 13. Qxf6 Nxf6 14. Bg5
Ng4 15. Bf4 b4 16. Rd1 O-O 17. f3 Nf6 18. Bd6 Rfc8 19. Bxb4 c5 20. Bc3 Nh5 21.
Bc4 Rc6 22. Bd5 Rac8 23. Bxc6 Rxc6 24. Na3 Nf4 25. Nc4 Rg6 26. Rd2 d6 27. Rad1
Bc8 28. d4 cxd4 29. Bxd4 Ba6 30. b3 d5 31. Be5 Nh3+ 32. Kf1 h6 33. Rxd5 Ng5 34.
Rd6 Bxc4+ 35. bxc4 Ne6 36. Bg3 Rg5 37. R1d5 Rxd5 38. cxd5 Nc5 39. Rc6 Nd3 40.
Rc8+ Kh7 41. d6 Nb4 42. d7 Nxa2 43. d8=Q Nb4 44. Be5 f6 45. Bxf6 gxf6 46. Qg8#
1-0

[Event "Summer TNM"]
[Site "San Francisco"]
[Date "2006.06.27"]
[Round "4"]
[White "Dunham, Tom"]
[Black "Smelansky, Vadim"]
[Result "0-1"]
[WhiteElo "1495"]
[BlackElo "1789"]
[PlyCount "116"]
[EventDate "2006.06.06"]
[EventType "swiss"]
[EventRounds "8"]
[EventCountry "USA"]

1. e4 e5 2. Nf3 Nc6 3. d4 exd4 4. Nxd4 Bc5 5. Nxc6 bxc6 6. Nc3 Ne7 7. Bc4 Ng6
8. Na4 Qe7 9. Nxc5 Qxc5 10. Bd3 O-O 11. O-O d5 12. exd5 cxd5 13. Be3 d4 14.
Bxg6 dxe3 15. Bd3 Bb7 16. Qe2 Rae8 17. Rae1 Re7 18. fxe3 Rfe8 19. Qf2 f6 20.
Qf5 Qxf5 21. Rxf5 Rxe3 22. Rxe3 Rxe3 23. Kf2 Re5 24. g3 Kf7 25. Rxe5 fxe5 26.
b4 h5 27. c4 Kf6 28. Ke3 g5 29. a4 h4 30. Be4 Bc8 31. Bd5 hxg3 32. hxg3 Kf5 33.
Kf3 Bd7 34. b5 Kf6 35. c5 Kf5 36. Be4+ Kf6 37. Bd3 Be6 38. a5 Bd7 39. Bc4 Bf5
40. Bd5 Ke7 41. b6 cxb6 42. cxb6 axb6 43. a6 Kd6 44. Be4 Bxe4+ 45. Kxe4 Kc7 46.
Kxe5 Kb8 47. Kd4 Ka7 48. Kc4 Kxa6 49. Kb4 b5 50. Kb3 Ka5 51. Ka3 Kb6 52. Kb4
Kc6 53. Kb3 Kc5 54. Kc3 b4+ 55. Kb3 g4 56. Kb2 Kc4 57. Kc2 Kd4 58. Kd2 b3 0-1

[Event "Summer TNM"]
[Site "San Francisco"]
[Date "2006.06.27"]
[Round "4"]
[White "Hilliard, Michael"]
[Black "Royzen, Igor"]
[Result "0-1"]
[WhiteElo "1400"]
[BlackElo "1675"]
[PlyCount "118"]
[EventDate "2006.06.06"]
[EventType "swiss"]
[EventRounds "8"]
[EventCountry "USA"]

1. d4 Nf6 2. Nf3 e6 3. e3 b6 4. b3 Bb7 5. Bb2 c5 6. c3 Nc6 7. Bd3 cxd4 8. cxd4
Bb4+ 9. Nbd2 d5 10. O-O O-O 11. a3 Be7 12. Re1 Rc8 13. e4 dxe4 14. Nxe4 Nxe4
15. Bxe4 Na5 16. Qd3 Bxe4 17. Rxe4 Qd5 18. Re3 Bf6 19. Ne5 Rfd8 20. Rh3 h6 21.
Qg3 Kf8 22. Rh5 Qxb3 23. Qxb3 Nxb3 24. Rd1 Rc2 25. Ba1 Nxa1 26. Rxa1 Rxd4 27.
Nf3 Rdc4 28. Rf1 Ra2 29. Rd1 Rcc2 30. Rf1 Rxa3 31. Rb5 Raa2 32. Ne1 Rc1 33. Nd3
Rxf1+ 34. Kxf1 Rc2 35. Rb3 Rc3 36. Rxc3 Bxc3 37. Ke2 Bd4 38. Kd2 a5 39. Kc2 Ke7
40. Kb3 Kd6 41. Kc4 e5 42. f3 g5 43. g4 Kc6 44. Nc1 b5+ 45. Kb3 Kd5 46. Ka3 Kc4
47. Nb3 Bc3 48. h3 a4 49. Nc1 Bb4+ 50. Kb2 a3+ 51. Ka2 Bc5 52. Nb3 b4 53. Nd2+
Kd3 54. Nb3 Bd4 55. Nc1+ Kc2 56. Nb3 Kd3 57. Nc1+ Ke3 58. Kb3 Bc3 59. Kc2 Kxf3
0-1

[Event "Summer TNM"]
[Site "San Francisco"]
[Date "2006.06.27"]
[Round "4"]
[White "Kleiman, Charles"]
[Black "Adkins, Rico"]
[Result "1-0"]
[WhiteElo "1901"]
[BlackElo "1629"]
[PlyCount "118"]
[EventDate "2006.06.06"]
[EventType "swiss"]
[EventRounds "8"]
[EventCountry "USA"]

1. d4 Nf6 2. c4 c5 3. d5 e6 4. Nc3 exd5 5. Nxd5 Nxd5 6. cxd5 d6 7. g3 g6 8. h4
h6 9. Bf4 a6 10. Nh3 Bg7 11. Qa4+ b5 12. Qe4+ Qe7 13. Qxe7+ Kxe7 14. O-O-O Bf5
15. f3 Bxh3 16. Bxh3 Nd7 17. Be3 Ne5 18. b3 f5 19. h5 Kf6 20. hxg6 Kxg6 21. Bf4
a5 22. e4 fxe4 23. fxe4 c4 24. Bf5+ Kf7 25. Rh5 Nd3+ 26. Rxd3 cxd3 27. Bxd6 Bc3
28. e5 d2+ 29. Kd1 b4 30. e6+ Kg7 31. Bf4 a4 32. Bc2 axb3 33. Bxb3 Rxa2 34.
Bxa2 Ra8 35. Bb1 Ra1 36. Bxh6+ Kf6 37. Bg5+ Kg7 38. Bh6+ Kf6 39. Rf5+ Kg6 40.
Bxd2 Rxb1+ 41. Bc1 Bb2 42. Kc2 Kxf5 43. Kxb1 Bf6 44. Bf4 Bd8 45. Kc2 Bf6 46.
Kb3 Be7 47. d6 Bxd6 48. Bxd6 Kxe6 49. Bxb4 Kd5 50. g4 Ke5 51. Bd2 Ke4 52. Kc4
Ke5 53. Kd3 Kd5 54. Bf4 Ke6 55. Ke4 Kf6 56. Kd5 Kf7 57. Ke5 Kg6 58. Ke6 Kh7 59.
Kf7 Kh8 1-0

[Event "Summer TNM"]
[Site "San Francisco"]
[Date "2006.06.27"]
[Round "4"]
[White "Krasnov, Steven"]
[Black "Sherwood, Peter"]
[Result "1-0"]
[WhiteElo "1885"]
[BlackElo "1703"]
[PlyCount "71"]
[EventDate "2006.06.06"]
[EventType "swiss"]
[EventRounds "8"]
[EventCountry "USA"]

1. Nf3 d5 2. g3 Nf6 3. Bg2 c6 4. O-O Bg4 5. c4 e6 6. d4 Be7 7. Nc3 Nbd7 8. Re1
O-O 9. b3 Rc8 10. Bb2 Qb6 11. Qd2 Bb4 12. h3 Bf5 13. Rac1 Ne4 14. Qe3 Qa5 15.
a4 Ndf6 16. Red1 Rfe8 17. Ne5 h6 18. Kh2 Qc7 19. Nxe4 Bxe4 20. Bxe4 Nxe4 21. f3
Nd6 22. c5 f6 23. Nd3 Nf5 24. Qf2 a5 25. e4 Ne7 26. Rc2 Ng6 27. Bc1 e5 28. exd5
cxd5 29. dxe5 fxe5 30. Nxb4 axb4 31. Rxd5 Rf8 32. Qe2 Qf7 33. Qc4 Qxf3 34.
Rxe5+ Kh8 35. Re6 Nf4 {touched} 36. Bxf4 1-0

[Event "Summer TNM"]
[Site "San Francisco"]
[Date "2006.06.27"]
[Round "4"]
[White "Litowsky, Dan"]
[Black "Capdeville, Barry"]
[Result "1-0"]
[WhiteElo "1700"]
[BlackElo "1186"]
[PlyCount "55"]
[EventDate "2006.06.06"]
[EventType "swiss"]
[EventRounds "8"]
[EventCountry "USA"]

1. e4 e5 2. Nc3 Nf6 3. Bc4 Be7 4. d3 O-O 5. Nf3 Nc6 6. a3 d6 7. h3 Be6 8. Nd5
Bxd5 9. exd5 Nd4 10. Nxd4 exd4 11. O-O Qd7 12. Qf3 Rae8 13. a4 Bd8 14. Bb5 c6
15. dxc6 Qc7 16. cxb7 Re6 17. a5 Be7 18. a6 Nd7 19. Ra4 Ne5 20. Qd5 Nd7 21. Rc4
Nc5 22. b4 Re5 23. Qxd4 d5 24. Rxc5 Bxc5 25. Qxc5 Qe7 26. Qxe7 Rxe7 27. Bf4 d4
28. Bd6 1-0

[Event "Summer TNM"]
[Site "San Francisco"]
[Date "2006.06.27"]
[Round "4"]
[White "Mar, Craig"]
[Black "Traub, Igor"]
[Result "1-0"]
[WhiteElo "2419"]
[BlackElo "2054"]
[PlyCount "51"]
[EventDate "2006.06.06"]
[EventType "swiss"]
[EventRounds "8"]
[EventCountry "USA"]

1. d4 d5 2. c4 c6 3. Nf3 Nf6 4. Nc3 a6 5. Ne5 Nbd7 6. e3 e6 7. f4 Bb4 8. Bd3
dxc4 9. Bxc4 Nd5 10. Bd2 Nxe5 11. fxe5 Qh4+ 12. g3 Qh3 13. Qf3 Nxc3 14. bxc3
Ba3 15. e4 h5 16. Rf1 O-O 17. Rf2 b5 18. Be2 Bb7 19. Rb1 Rad8 20. Bg5 Rd7 21.
Qe3 Be7 22. Bf6 Kh7 23. Rf4 Bxf6 24. exf6 g5 25. Rh4 gxh4 26. Qg5 1-0

[Event "Summer TNM"]
[Site "San Francisco"]
[Date "2006.06.27"]
[Round "4"]
[White "Margulis, Igor"]
[Black "Jones, Ian"]
[Result "1/2-1/2"]
[WhiteElo "2227"]
[BlackElo "1835"]
[PlyCount "88"]
[EventDate "2006.06.06"]
[EventType "swiss"]
[EventRounds "8"]
[EventCountry "USA"]

1. e4 e5 2. Bc4 Nf6 3. Nc3 Bc5 4. d3 d6 5. Na4 Nc6 6. Nxc5 dxc5 7. Ne2 Qe7 8.
Bg5 h6 9. Bh4 g5 10. Bg3 Bd7 11. Qd2 O-O-O 12. f3 Nh5 13. Bf2 Nf4 14. Nxf4 gxf4
15. O-O-O Be6 16. Bxe6+ Qxe6 17. b3 b6 18. g4 Nd4 19. Bxd4 cxd4 20. Rdg1 f6 21.
Rg2 Rdg8 22. Rhg1 Rg7 23. Qe1 Rhg8 24. Kb2 Kb7 25. a4 a5 26. Qh4 Rg6 27. Rc1
Qd6 28. Qe1 Qb4 29. Qxb4 axb4 30. Ra1 Ra8 31. Kc1 h5 32. h3 h4 33. Kd2 Ra5 34.
g5 b5 35. Rag1 bxa4 36. gxf6 Rxf6 37. bxa4 Rxa4 38. Rg5 Ra2 39. Rxe5 Rc6 40.
Rc1 Rg6 41. Rb5+ Kc6 42. Rxb4 Rg2+ 43. Kd1 Rg1+ 44. Kd2 Rg2+ 1/2-1/2

[Event "Summer TNM"]
[Site "San Francisco"]
[Date "2006.06.27"]
[Round "4"]
[White "Oca, Homer"]
[Black "Samatra, Mario"]
[Result "0-1"]
[WhiteElo "1715"]
[BlackElo "1914"]
[PlyCount "94"]
[EventDate "2006.06.06"]
[EventType "swiss"]
[EventRounds "8"]
[EventCountry "USA"]

1. g4 d5 2. h3 e5 3. Nc3 Be6 4. b3 c6 5. e4 d4 6. Nce2 Nd7 7. Bb2 h5 8. gxh5
Ngf6 9. Ng3 Bd6 10. Bg2 Qa5 11. Qe2 Ba3 12. O-O-O c5 13. c4 b5 14. Nf5 Bxf5 15.
exf5 Rb8 16. Bc6 O-O 17. Bxb5 Rfe8 18. Kb1 e4 19. d3 exd3 20. Qxd3 Ne5 21. Qg3
Ne4 22. Qf4 Nxc4 23. Bxe8 Rxe8 24. bxc4 Bxb2 25. Rd3 Bc3 26. Ne2 Qb4+ 27. Kc1
Qb2+ 28. Kd1 Qb1+ 29. Nc1 Bb2 30. Rf1 Bxc1 31. Rb3 Bb2+ 32. Ke2 Qxa2 33. Rb8
Bc1+ 34. Kf3 Ng5+ 35. Qxg5 Bxg5 36. Rxe8+ Kh7 37. Rg1 f6 38. Re7 Qb3+ 39. Kg2
Qxc4 40. Kh2 d3 41. Rg4 Qc2 42. Rd7 Qxf2+ 43. Rg2 Qf4+ 44. Rg3 d2 45. Kg2 c4
46. h4 Qxf5 47. Rd4 d1=Q 0-1

[Event "Summer TNM"]
[Site "San Francisco"]
[Date "2006.06.27"]
[Round "4"]
[White "Ossipov, Victor"]
[Black "Gray, William"]
[Result "0-1"]
[WhiteElo "2145"]
[BlackElo "2021"]
[PlyCount "42"]
[EventDate "2006.06.06"]
[EventType "swiss"]
[EventRounds "8"]
[EventCountry "USA"]

1. d4 Nf6 2. Nf3 c5 3. c3 e6 4. Bg5 h6 5. Bh4 b6 6. e3 Bb7 7. Nbd2 Be7 8. a4
O-O 9. a5 bxa5 10. Qa4 cxd4 11. exd4 Ne4 12. Bxe7 Qxe7 13. Qxa5 Nxd2 14. Nxd2
Nc6 15. Qc7 Rab8 16. Nf3 Ba8 17. Ra2 Rfc8 18. Qf4 Nb4 19. Rxa7 Bxf3 20. Qxf3
Nc2+ 21. Kd1 Rxb2 {remainder illegible} 0-1

[Event "Summer TNM"]
[Site "San Francisco"]
[Date "2006.06.27"]
[Round "4"]
[White "Ostrovsky, Sergey"]
[Black "Nip, Nicholas"]
[Result "1-0"]
[WhiteElo "1870"]
[BlackElo "1671"]
[PlyCount "55"]
[EventDate "2006.06.06"]
[EventType "swiss"]
[EventRounds "8"]
[EventCountry "USA"]

1. Nf3 Nf6 2. c4 c6 3. Nc3 d5 4. d4 e6 5. e3 Nbd7 6. Bd3 Bd6 7. e4 dxe4 8. Nxe4
Nxe4 9. Bxe4 Nf6 10. Bc2 O-O 11. c5 Be7 12. Qd3 h6 13. g4 Qd5 14. Rg1 Rd8 15.
g5 hxg5 16. Rxg5 Qd7 17. Be3 b6 18. O-O-O bxc5 19. Rdg1 Bf8 20. Rxg7+ Bxg7 21.
Bh6 Kf8 22. Bxg7+ Ke7 23. Ne5 Qe8 24. Qc4 Rd5 25. dxc5 Rxe5 26. Bxf6+ Kd7 27.
Bxe5 Qe7 28. Qd4+ 1-0

[Event "Summer TNM"]
[Site "San Francisco"]
[Date "2006.06.27"]
[Round "4"]
[White "Petrison, John"]
[Black "Whalley, Martin"]
[Result "0-1"]
[WhiteElo "2035"]
[BlackElo "1830"]
[PlyCount "58"]
[EventDate "2006.06.06"]
[EventType "swiss"]
[EventRounds "8"]
[EventCountry "USA"]

1. d4 d5 2. e3 Bf5 3. c4 e6 4. Qb3 Nc6 5. Bd2 Rb8 6. Nf3 Be7 7. cxd5 exd5 8.
Nc3 Nf6 9. Nh4 Qd7 10. Nxf5 Qxf5 11. f3 O-O 12. Nb5 a6 13. Na3 Rfe8 14. Bd3 Qg5
15. O-O-O Qxg2 16. Rdf1 Qh3 17. Rf2 Bd6 18. Rg1 Kh8 19. Nc2 Re7 20. f4 Ne4 21.
Rfg2 Nxd2 22. Kxd2 Nxd4 23. exd4 Bxf4+ 24. Kc3 Bxh2 25. Rxg7 Bxg1 26. Rxh7+
Qxh7 27. Bxh7 Kxh7 28. Qxd5 Be3 29. Qf5+ Kg8 {W time exp} 0-1

[Event "Summer TNM"]
[Site "San Francisco"]
[Date "2006.06.27"]
[Round "4"]
[White "Riese, Kayven"]
[Black "Sandberg, Evan"]
[Result "1/2-1/2"]
[WhiteElo "1770"]
[BlackElo "1506"]
[PlyCount "101"]
[EventDate "2006.06.06"]
[EventType "swiss"]
[EventRounds "8"]
[EventCountry "USA"]

1. e4 c5 2. Nf3 Nc6 3. d4 cxd4 4. Nxd4 Nf6 5. Nc3 e5 6. Ndb5 d6 7. Bg5 a6 8.
Bxf6 gxf6 9. Na3 b5 10. Nd5 f5 11. Bxb5 axb5 12. Nxb5 Ra7 13. Nxa7 Nxa7 14. c3
Be7 15. Qa4+ Qd7 16. Qxd7+ Bxd7 17. a4 fxe4 18. b4 Bc6 19. Ne3 d5 20. b5 d4 21.
Nf5 Bd7 22. Nxe7 Kxe7 23. c4 Rb8 24. Kd2 Kd6 25. a5 d3 26. Rhe1 Bf5 27. g4 Bxg4
28. Rxe4 f5 29. Re3 e4 30. h3 Bh5 31. Rg3 Bf7 32. Rg7 Bxc4 33. Rxa7 Rxb5 34.
Rxh7 Rb2+ 35. Kc3 Rc2+ 36. Kd4 d2 37. Rg7 Rc1 38. Rg1 Rxg1 39. Rxg1 Be2 40. h4
d1=Q+ 41. Rxd1 Bxd1 42. a6 Kc6 43. Ke5 Bg4 44. Kf4 Kb6 45. Kg5 Kxa6 46. h5 Bxh5
47. Kxh5 f4 48. Kg4 e3 49. fxe3 fxe3 50. Kf3 e2 51. Kxe2 1/2-1/2

[Event "Summer TNM"]
[Site "San Francisco"]
[Date "2006.06.27"]
[Round "4"]
[White "Russell, Joe"]
[Black "Parker, Frank"]
[Result "1/2-1/2"]
[WhiteElo "1633"]
[BlackElo "1812"]
[PlyCount "80"]
[EventDate "2006.06.06"]
[EventType "swiss"]
[EventRounds "8"]
[EventCountry "USA"]

1. e4 c6 2. d4 d5 3. Nc3 dxe4 4. Nxe4 Bf5 5. Ng3 Bg6 6. h4 h6 7. Nf3 Nd7 8. Bd3
Bxd3 9. Qxd3 e6 10. Bf4 Ngf6 11. O-O-O Nd5 12. Bd2 Be7 13. c4 Nb4 14. Qb3 a5
15. a3 a4 16. Qe3 Na6 17. Ne4 b5 18. Ne5 Nxe5 19. dxe5 Qc7 20. cxb5 cxb5+ 21.
Kb1 Qxe5 22. Bc3 Qf5 23. Bxg7 Rg8 24. Bxh6 Nc5 25. f3 Rxg2 26. Qd4 f6 27. Qe3
Nxe4 28. fxe4 Qe5 29. Qd4 Bd6 30. Qxe5 Bxe5 31. Bc1 Rd8 32. Rxd8+ Kxd8 33. h5
Rg7 34. h6 Rh7 35. Rg1 Ke7 36. Kc2 f5 37. exf5 exf5 38. b3 f4 39. bxa4 bxa4 40.
Rg6 Rf7 1/2-1/2